Представление документа в формате MARC21

Поле Инд. ПП Название Значение
Тип записи a
Библиографический уровень b
001 Контрольный номер bba1330c50b44cf4ad4283d0b5e91392
005 Дата корректировки 20251201162314.3
008 Кодируемые данные 251023||||||||||||||||||||||||||||||||||
084 a Индекс другой классификации/Индекс ББК 74.489
090 f Сигла хранения (DOS) зир
100 1_ a Автор Митрофанова А.А.
245 10 a Заглавие Эмоциональный интеллект как компонент профессионально-коммуникативной компетенции преподавателя иностранного языка
653 1_ a Ключевые слова Коммуникативная компетенция
a Ключевые слова Педагогическое образование
a Ключевые слова Профессиональное развитие
a Ключевые слова Профессиональные коммуникации
a Ключевые слова Профессиональные компетенции
a Ключевые слова Профессия педагог
a Ключевые слова Эмоциональный интеллект
a Ключевые слова Языковое образование
700 12 a Другие авторы Коренев А. А.
700 12 a Другие авторы Гулов А. П.
773 08 t Название источника Педагогика
d Место и дата издания 2025
g Прочая информация № 7. - С. 94-103
901 t Тип документа b